000 01382nam0a2200337 4500
001 RU\NLR\bibl\740337
005 20250614002759.0
010 _a5-699-07267-5
_96000
021 _aRU
_b2004-63473
_93133
035 _aRSL-KNO-002487227
035 _a(NLR Aleph) 000730229
090 _a757939
_c757939
100 _a20041014d2004 |||y0rusy50 ca
101 1 _arus
_ceng
102 _aRU
105 _ay |||||||||
106 _ar
200 1 _aВся ночь впереди
_eроман
_fТереза Вейр
_g[пер. с англ. А. Кашина]
210 _aМ.
_cЭксмо
_d2004
215 _a316 с.
_d17
225 1 _aЛучшие романы о любви
610 0 _aФилологические науки. Художественная литература -- США -- Американская литература -- с 1945 г. -- Произведения художественной литературы -- Художественная проза -- Романы. Повести. Рассказы
686 _aШ5(7США)62-644
_2rubbk
686 _aШ6(7США)67-440.4{Лх1979-50}
700 1 _4070
_7ca
_8rus
_aВейр
_bТ.
_f1954-
_gТереза
_9254156
_3RU\NLR\AUTH\770254212
801 0 _aRU
_bRuMoRKP
_c20041014
_grcr
801 1 _aRU
_bRuMoRGB
_c20041014
801 2 _aRU
_bNLR
_c20050326
_gPSBO
942 _cBOOK
980 _aNB